La educación autónoma : (Record no. 17193)

MARC details
000 -CABECERA
campo de control de longitud fija 00915nam a2200253 a 4500
003 - IDENTIFICADOR DEL NÚMERO DE CONTROL
campo de control MX-MxUPN
005 - FECHA Y HORA DE LA ÚLTIMA TRANSACCIÓN
campo de control 20241001063848.0
008 - ELEMENTOS DE LONGITUD FIJA--INFORMACIÓN GENERAL
campo de control de longitud fija 991125c1926 sp r 000 0 spa d
035 ## - NÚMERO DE CONTROL DEL SISTEMA
Número de control de sistema UPN01000017193
040 ## - FUENTE DE LA CATALOGACIÓN
Centro catalogador/agencia de origen MX-MxUPN
Lengua de catalogación spa
Centro/agencia transcriptor MX-MxUPN
041 0# - CÓDIGO DE IDIOMA
Código de lengua del texto/banda sonora o título independiente spa
050 14 - SIGNATURA TOPOGRÁFICA DE LA BIBLIOTECA DEL CONGRESO
Número de clasificación LB1195
Número de documento/Ítem F4.48
100 1# - ASIENTO PRINCIPAL--NOMBRE PERSONAL
Nombre de persona Ferriére, Adolphe,
Fechas asociadas al nombre 1879-1960
9 (RLIN) 42134
245 13 - MENCIÓN DE TÍTULO
Título La educación autónoma :
Resto del título arte de formar ciudadanos para la nación y para la humanidad
260 ## - PUBLICACIÓN, DISTRIBUCIÓN, ETC.
Lugar de publicación, distribución, etc. Madrid :
Nombre del editor, distribuidor, etc. F. Beltrán,
Fecha de publicación, distribución, etc. 1926
300 ## - DESCRIPCIÓN FÍSICA
Extensión 367 páginas
490 0# - MENCIÓN DE SERIE
Mención de serie Actualidades pedagógicas
650 #4 - ASIENTO SECUNDARIO DE MATERIA - TERMINO TEMATICO
Término de materia o nombre geográfico como elemento de entrada Educación preescolar
9 (RLIN) 1517
700 1# - ASIENTO SECUNDARIO--NOMBRE DE PERSONAL
Nombre de persona Tomás y Samper, Rodolfo
9 (RLIN) 52205
Término indicativo de función/relación traducción
-- prólogo
710 2# - ASIENTO SECUNDARIO - NOMBRE CORPORATIVO
Nombre de entidad corporativa o nombre de jurisdicción como elemento de entrada Instituto Federal de Capacitación del Magisterio (México)
9 (RLIN) 28505
Término indicativo de función/relación propietario anterior
710 2# - ASIENTO SECUNDARIO - NOMBRE CORPORATIVO
Nombre de entidad corporativa o nombre de jurisdicción como elemento de entrada Instituto Nacional de Pedagogía (México)
Término indicativo de función/relación propietario anterior
9 (RLIN) 28088
904 ## - ELEMENTOS DE DATOS D LOCAL, LDD (RLIN)
a AC
b 017194
Holdings
Estado de retiro Estado de pérdida Fuente del sistema de clasificación o colocación Estado dañado No para préstamo Código de colección Localización permanente Ubicación/localización actual Ubicación en estantería Fecha de adquisición Clasificación Código de barras Fecha visto por última vez Número de copia Tipo de ítem Koha Nota pública Enumeración/cronología de publicación seriada Total de préstamos
    Library of Congress Classification   Disponible (Previa cita) Fondo Reservado de libros Bib. Gregorio Torres Quintero Bib. Gregorio Torres Quintero Sala de Fondos Reservados Planta alta 18/11/2022 LB1195 F4.48 40327 31/12/2020 1 Libro Ejemplar con sello de la Biblioteca del Instituto Federal de Capacitación del Magisterio    
    Library of Congress Classification   Disponible (Préstamo en sala) Colección Medina Bib. Gregorio Torres Quintero Bib. Gregorio Torres Quintero Colecciones especiales Planta alta 30/01/2023 LB1195 F4.48 102122 31/12/2020 1 Libro   -  
    Library of Congress Classification   Disponible (Previa cita) Fondo Reservado de libros Bib. Gregorio Torres Quintero Bib. Gregorio Torres Quintero Sala de Fondos Reservados Planta alta 18/11/2022 LB1195 F4.48 49450 31/12/2020 1 Libro Ejemplar con sello de la Biblioteca del Instituto Nacional de Pedagogía   1